000 00836nas a2200289 4500
001 BR2014006537
003 BR-BrBNA
005 20231205124622.0
007 ta
008 230509b bl.|||p| |||| 00| 00por d
040 _aBR-BrBNA
_bpor
_cBiblioteca Nacional de Agricultura
041 _a(Pt)
072 _aF03; K10
100 1 _aSchulz, D.G.
100 1 _aOro, P.
100 1 _aVolkweis, C.
100 1 _aMalavasi, M. de M.
100 1 _aMalavasi, U.C.
245 1 _aMaturidade fisiológica e morfometria de sementes de Inga laurina (Sw.)Willd.
650 _aINGA
650 _aSEMENTE
650 _aMATURAÇÃO
650 _aBIOMETRIA
773 0 _tFloresta e Ambiente (Brazil)
_xISSN 1415-0980
_g(Jan-Mar 2014), v. 21(1) p. 45-51
_wBR2014006537
909 _a202311
_bLúcia
_c55
_dLúcia Elande
942 _2AGRIS
_n0
_cANA
999 _c240010
_d240010